Frin (Registro nro. 6995)

Detalles MARC
000 -CABECERA
Longitud fija campo de control 01200nam a2200337Ia 4500
005 - • FECHA Y HORA DE LA ÚLTIMA TRANSACCIÓN
Fecha y hora de la última transacción 20220317001436.0
008 - • CÓDIGOS DE INFORMACIÓN DE LONGITUD FIJA
Códigos de información de longitud fija 161108s2007 ck a g 000 f s
020 ## - • NÚMERO INTERNACIONAL NORMALIZADO PARA LIBROS
Número Internacional Normalizado para Libros (ISBN) 9789585939325
040 ## - FUENTE DE LA CATALOGACIÓN
Centro catalogador de origen CO-BoRNBP
Lengua de catalogación spa
Normas de descripción rda
Centro transcriptor CO-BoRNBP
084 ## - • Clasificación Local Alfanúmerica PNLB
Número de clasificación N PES3
100 1# - • PUNTO DE ACCESO PRINCIPAL-NOMBRE DE PERSONA
Nombre de persona Pescetti, Luis María
Fechas asociadas al nombre 1958-
245 10 - • TITULO PROPIAMENTE DICHO
Título Frin
Mención de responsabilidad, etc. Luis María Pescetti ; ilustrado por O` Kif
250 ## - • MENCIÓN DE EDICIÓN
Mención de edición Primera edición
264 ## - PRODUCCIÓN, PUBLICACIÓN , DISTRIBUCIÓN, FABRICACIÓN Y COPYRIGHT
Lugar de producción, publicación, distribución, fabricación Bogotá
Nombre del productor, editor, distribuidor, fabricante Loqueleo
Fecha de de producción, publicación, distribución, fabricación o copyright 2007
300 ## - • DESCRIPCIÓN FÍSICA
Extensión 202 páginas
Otras características físicas ilustraciones en blanco y negro
Dimensiones 20 cm
336 ## - TIPO DE CONTENIDO
Término de tipo de contenido texto
Código de tipo de contenido txt
Fuente rdacontent
337 ## - TIPO DE MEDIO
Nombre del tipo de medio sin mediación
Código del tipo de medio n
Fuente rdamedia
338 ## - TIPO DE SOPORTE
Nombre del tipo de soporte volumen
Código del tipo de soporte nc
Fuente rdacarrier
521 ## - • NOTA DE PÚBLICO DESTINATARIO
Nota público destinatario (R ) Recomendado a partir de 12 años
650 14 - • PUNTO DE ACCESO ADICIONAL DE MATERIA - TÉRMINO DE MATERIA
Fuente del encabezamiento o término LEMB
Término de materia o nombre geográfico como elemento inicial Novela juvenil argentina
Subdivisión cronológica Siglo XX
650 14 - • PUNTO DE ACCESO ADICIONAL DE MATERIA - TÉRMINO DE MATERIA
Fuente del encabezamiento o término LEMB
Término de materia o nombre geográfico como elemento inicial Literatura juvenil argentina
Subdivisión cronológica Siglo XX
650 14 - • PUNTO DE ACCESO ADICIONAL DE MATERIA - TÉRMINO DE MATERIA
Fuente del encabezamiento o término LEMB
Término de materia o nombre geográfico como elemento inicial Timidez en la literatura
650 14 - • PUNTO DE ACCESO ADICIONAL DE MATERIA - TÉRMINO DE MATERIA
Fuente del encabezamiento o término LEMB
Término de materia o nombre geográfico como elemento inicial Amistad en la literatura
650 14 - • PUNTO DE ACCESO ADICIONAL DE MATERIA - TÉRMINO DE MATERIA
Fuente del encabezamiento o término LEMB
Término de materia o nombre geográfico como elemento inicial Amor en la literatura
650 14 - • PUNTO DE ACCESO ADICIONAL DE MATERIA - TÉRMINO DE MATERIA
Fuente del encabezamiento o término LEMB
Término de materia o nombre geográfico como elemento inicial Adolescentes en la literatura
650 14 - • PUNTO DE ACCESO ADICIONAL DE MATERIA - TÉRMINO DE MATERIA
Fuente del encabezamiento o término LEMB
Término de materia o nombre geográfico como elemento inicial Aventuras en la literatura
650 14 - • PUNTO DE ACCESO ADICIONAL DE MATERIA - TÉRMINO DE MATERIA
Fuente del encabezamiento o término LEMB
Término de materia o nombre geográfico como elemento inicial Vacaciones en la literatura
650 14 - • PUNTO DE ACCESO ADICIONAL DE MATERIA - TÉRMINO DE MATERIA
Fuente del encabezamiento o término LEMB
Término de materia o nombre geográfico como elemento inicial Viajes en la literatura
700 1# - • PUNTO DE ACCESO ADICIONAL - NOMBRE DE PERSONA
Nombre de persona O'Kif, Alejandro
Fechas asociadas al nombre 1959-
Término indicativo de función ilustrador
942 ## - ENTRADA DE ELEMENTOS AGREGADOS (KOHA)
Fuente de clasificaión o esquema
Koha [por defecto] tipo de item Libro Literatura
Existencias
Perdido Fuente de clasificación o esquema Estado Físico No para préstamo Forma de adquisición Localización permanente Localización actual Localización en estanterías Fecha adquisición Préstamos totales Signatura completa Código de barras Fecha última consulta Número de copia Fecha del precio de reemplazo Tipo de item de Koha Renovaciones totales Prestado Fecha último préstamo
  Dewey Decimal Classification     Colección General Biblioteca Pública Cumaral - Alvaro Garzon Torres Biblioteca Pública Cumaral - Alvaro Garzon Torres Literatura 08/01/2024   NPES CUM1444 08/01/2024 Ej.1 08/01/2024 Libro Literatura      
  Dewey Decimal Classification     Colección General Biblioteca Pública Medellin del Ariari - El Castillo Biblioteca Pública Medellin del Ariari - El Castillo Literatura 11/07/2024   PES3 Ej.1 BM0000076 11/07/2024 Ej.1 11/07/2024 Libro Literatura      
  Dewey Decimal Classification     Infantil Biblioteca Pública San Juanito - Ernesto Maria Peña Romero Biblioteca Pública San Juanito - Ernesto Maria Peña Romero Sala Infantil 03/03/2025 1 N PES SJU01552 03/11/2026 Ej.1 03/03/2025 LIbro 2 04/22/2026 03/11/2026









Instituto Departamental de Cultura del Meta - Red Departamental de Bibliotecas Públicas del Meta.